书目信息 |
| 题名: |
现代家庭护理手册
|
|
| 作者: | 李剑嫒 | |
| 分册: | ||
| 出版信息: | 学苑出版社 1997.12 |
|
| 页数: | 752页 | |
| 开本: | ||
| 丛书名: | ||
| 单 册: | ||
| 中图分类: | R473.2-62 | |
| 科图分类: | ||
| 主题词: | 护理学 | |
| 电子资源: | ||
| ISBN: | 7-5077-1192-7 | |
| 000 | 00498nam0 2200193 45 | |
| 001 | 0308271045 | |
| 005 | 20030827105724.4 | |
| 010 | @a7-5077-1192-7 | |
| 100 | @a20030827d1997 km y0chiy0120 ea | |
| 101 | @achi | |
| 105 | @a z 000yy | |
| 200 | 1 | @a现代家庭护理手册@Axian dai jia ting hu li shou ce@f李剑嫒@Fli jian ai |
| 210 | @c学苑出版社@d1997.12 | |
| 215 | @a752页 | |
| 606 | 0 | @a护理学 |
| 690 | @aR473.2-62@v3 | |
| 701 | 0 | @a李剑嫒 |
| 801 | @aCN@b@c20030827 | |
| 905 | @aBZT@dR473.2-62@e25 | |
| 现代家庭护理手册/李剑嫒.-学苑出版社,1997.12 |
| 752页 |
| ISBN 7-5077-1192-7: |
| ● |
| 相关链接 |
|
|
|
正题名:现代家庭护理手册
索取号:R473.2-62/25
 
预约/预借
| 序号 | 登录号 | 条形码 | 馆藏地/架位号 | 状态 | 备注 |
| 1 | 106888 | 200741484 | 中心书库中库/ 中库008架B面3列7层36/ [索取号:R473.2-62/25] | 在馆 |